01018nam a2200229Ia 450000500170000000800410001702000180005804000180007604100080009408200210010210000270012324500970015025000120024726000340025930000250029365000320031870000270035094200300037799900190040795201810042695201810060720221201105918.0210716s2011 xx 000 0 und d a9783642048173 cAIMIT LIBRARY aeng a005.13 21bRAUT aRauber, Thomas.964447 aParallel programming: bmulticore and cluster systems /cBy Thomas Rauber and Gudula Runger. a1st ed. aNew Delhi :bSpringer,c2011. ax,455p.bPBc23.4 cm aProgramming language964448 aRunger, Gudula.964449 2ddccBKe1stk005.13 RAUT c192083d192083 00102ddc40708MCAaAIMITbAIMITd2022-12-01eKnowledge Worldg549.00iBill no:1185; Bill dt:2012-01-27l0o005.13 RAUTpMCA11591r2025-07-21 00:00:00v411.75w2021-07-16yBK 00102ddc40708MCAaAIMITbAIMITd2022-12-01eKnowledge Worldg549.00iBill no:1467; Bill dt:2013-01-10l0o005.13 RAUTpMCA12839r2025-07-21 00:00:00v411.75w2021-07-16yBK